000 00445nam a2200181Ia 4500
001 5021
005 20260306145837.0
008 260306t2014||||xx |||||||||||||| ||spa||
041 _aESP
082 _a332.645
_bH92
100 _aHull, John C.
_eAUT
245 0 _aIntroducción a los mercados de futuros y opciones
260 _c2014
300 _axvi, 607 páginas :
_c25 cm.
650 _aGEN
654 _aCAN
942 _cLIB
_dJUS
_fJUS
_2ddc
_n
999 _c5021
_d5021